书目信息 |
| 题名: |
金融猎手实战心经
|
|
| 作者: | 王巍 主编 | |
| 分册: | ||
| 出版信息: | 北京 经济管理出版社 2016 |
|
| 页数: | 671页 | |
| 开本: | 22cm | |
| 丛书名: | 智库系列丛书 | |
| 单 册: | ||
| 中图分类: | F832.5 | |
| 科图分类: | ||
| 主题词: | 金融 , 银行 | |
| 电子资源: | ||
| ISBN: | 7-5096-4164-0 | |
| 000 | 00783nam0 2200241 450 | |
| 001 | 1732332219 | |
| 005 | 20170511090039.65 | |
| 010 | @a7-5096-4164-0@dCNY158.00 | |
| 100 | @a20170511d2016 km y0chiy0120 ea | |
| 101 | 0 | @achi |
| 102 | @aCN@b110000 | |
| 200 | 1 | @a金融猎手实战心经@Ajin rong lie shou shi zhan xin jing@e资产管理、资金配置和资源整合@f王巍主编@Fwang wei zhu bian |
| 210 | @a北京@c经济管理出版社@d2016 | |
| 215 | @a671页@d22cm | |
| 225 | 2 | @a智库系列丛书 |
| 410 | 0 | @12001 @a智库系列丛书 |
| 517 | 1 | @a资产管理、资金配置和资源整合@Azi chan guan li、zi jin pei zhi he zi yuan zheng he |
| 606 | 0 | @a金融 |
| 606 | 0 | @a银行 |
| 690 | @aF832.5@v4 | |
| 701 | 0 | @a王巍@Awang wei@4主编 |
| 801 | 0 | @aCN@b大连网信软件有限公司图书馆·11@c20170511 |
| 905 | @aZUCC@dF832.5@e151 | |
| 金融猎手实战心经:资产管理、资金配置和资源整合/王巍主编.-北京:经济管理出版社,2016 |
| 671页;22cm.-(智库系列丛书) |
| ISBN 7-5096-4164-0:CNY158.00 |
| ● |
| 相关链接 |
|
|
|
|
正题名:金融猎手实战心经
索取号:F832.5/151
 
预约/预借
| 序号 | 登录号 | 条形码 | 馆藏地/架位号 | 状态 | 备注 |
| 1 | 1050153 | 210501535 | 第一样本阅览室/ [索取号:F832.5/151] | 在馆 |